The island / (Запис № 513106)
[ простий вигляд ]
| 000 -LEADER | |
|---|---|
| fixed length control field | 01204cam a2200289Ii 4500 |
| 001 - CONTROL NUMBER | |
| control field | islandbenc00benc |
| 003 - CONTROL NUMBER IDENTIFIER | |
| control field | CaSfIA |
| 005 - DATE AND TIME OF LATEST TRANSACTION | |
| control field | 20210118103827.0 |
| 007 - PHYSICAL DESCRIPTION FIXED FIELD--GENERAL INFORMATION | |
| fixed length control field | cr|||| |
| 008 - FIXED-LENGTH DATA ELEMENTS--GENERAL INFORMATION | |
| fixed length control field | 800319s1980 nyu 000 1 eng d |
| 040 ## - CATALOGING SOURCE | |
| Original cataloging agency | BPL |
| Transcribing agency | BPL |
| Modifying agency | BOS |
| -- | OCLCQ |
| -- | CaSfIA |
| 020 ## - INTERNATIONAL STANDARD BOOK NUMBER | |
| International Standard Book Number | 0553133969 (pbk.) : |
| Terms of availability | $2.75 |
| 020 ## - INTERNATIONAL STANDARD BOOK NUMBER | |
| International Standard Book Number | 9780553133967 (pbk.) |
| 035 ## - SYSTEM CONTROL NUMBER | |
| System control number | (OCoLC)6104349 |
| 050 #4 - LIBRARY OF CONGRESS CALL NUMBER | |
| Classification number | PS3552.E537 |
| Item number | I85 1980 |
| 082 04 - DEWEY DECIMAL CLASSIFICATION NUMBER | |
| Classification number | 813/.5/4 |
| Edition number | 19 |
| 029 1# - (OCLC) | |
| OCLC library identifier | NLGGC |
| System control number | 085914606 |
| 100 1# - MAIN ENTRY--PERSONAL NAME | |
| Personal name | Benchley, Peter. |
| 245 14 - TITLE STATEMENT | |
| Title | The island / |
| Medium | [electronic resource] |
| Statement of responsibility, etc | Peter Benchley. |
| 260 ## - PUBLICATION, DISTRIBUTION, ETC. (IMPRINT) | |
| Place of publication, distribution, etc | New York : |
| Name of publisher, distributor, etc | Bantam, |
| Date of publication, distribution, etc | c1980. |
| 300 ## - PHYSICAL DESCRIPTION | |
| Extent | 274 p. ; |
| Dimensions | 18 cm. |
| 506 ## - RESTRICTIONS ON ACCESS NOTE | |
| Standardized terminology for access restriction | Необхідна авторизація на https://archive.org/ (створення облікового запису безкоштовно) |
| 506 ## - RESTRICTIONS ON ACCESS NOTE | |
| Standardized terminology for access restriction | Необхідна авторизація на https://openlibrary.org/ (створення облікового запису безкоштовно) |
| 856 41 - ELECTRONIC LOCATION AND ACCESS | |
| Uniform Resource Identifier | <a href="http://www.archive.org/details/islandbenc00benc">http://www.archive.org/details/islandbenc00benc</a> |
| Public note | Free eBook from the Internet Archive |
| 856 42 - ELECTRONIC LOCATION AND ACCESS | |
| Uniform Resource Identifier | <a href="http://www.openlibrary.org/books/OL24211088M">http://www.openlibrary.org/books/OL24211088M</a> |
| Public note | Additional information and access via Open Library |
| 942 ## - ADDED ENTRY ELEMENTS (KOHA) | |
| Koha item type | ЕКнига |
Немає доступних примірників.